书目信息 |
| 题名: |
矿物岩石学
|
|
| 作者: | 李昌年 , 李净红 编著 | |
| 分册: | ||
| 出版信息: | 武汉 中国地质大学出版社 2019 |
|
| 页数: | 289页 | |
| 开本: | 26cm | |
| 丛书名: | ||
| 单 册: | ||
| 中图分类: | P57 , P58 | |
| 科图分类: | ||
| 主题词: | 矿物学--高等学校--教材 , 岩石学--高等学校--教材 | |
| 电子资源: | ||
| ISBN: | 978-7-5625-3330-6 | |
| 000 | 01035nam0 2200277 45 | |
| 001 | 012001005276 | |
| 005 | 20140101155725.0 | |
| 010 | @a978-7-5625-3330-6@dCNY37.00 | |
| 100 | @a20150310d2014 em y0chiy50 ea | |
| 101 | 0 | @achi |
| 102 | @aCN@b420000 | |
| 105 | @aa z 000yy | |
| 106 | @ar | |
| 200 | 1 | @a矿物岩石学@9kuang wu yan shi xue@f李昌年,李净红编著 |
| 210 | @a武汉@c中国地质大学出版社@d2019 | |
| 215 | @a289页@c图@d26cm | |
| 300 | @a中国地质大学(武汉)地学类系列精品教材 | |
| 330 | @a本书分为上篇矿物和下篇岩石学两大部分,共计6章,最后还附有野外岩矿鉴定和描述方法的引导。除重点介绍和论述造岩矿物的鉴定特征及三大类岩石(火成岩、沉积岩和变质岩)的基本知识、基本理论、分类命名、观察描述思路与鉴定方法外,还独创性地单列了“野外岩石学”一章。 | |
| 606 | 0 | @a矿物学@x高等学校@j教材 |
| 606 | 0 | @a岩石学@x高等学校@j教材 |
| 690 | @aP57@v5 | |
| 690 | @aP58@v5 | |
| 701 | 0 | @a李昌年@9li chang nian@4编著 |
| 701 | 0 | @a李净红@9li jing hong@4编著 |
| 801 | 0 | @aCN@b江苏凤凰@c20191020 |
| 905 | @b1207828-31@dP57@e150@f4 | |
| 矿物岩石学/李昌年,李净红编著.-武汉:中国地质大学出版社,2019 |
| 289页:图;26cm |
| 中国地质大学(武汉)地学类系列精品教材 |
| ISBN 978-7-5625-3330-6:CNY37.00 |
| 本书分为上篇矿物和下篇岩石学两大部分,共计6章,最后还附有野外岩矿鉴定和描述方法的引导。除重点介绍和论述造岩矿物的鉴定特征及三大类岩石(火成岩、沉积岩和变质岩)的基本知识、基本理论、分类命名、观察描述思路与鉴定方法外,还独创性地单列了“野外岩石学”一章。 |
| ● |
| 相关链接 |
|
|
|
|
正题名:矿物岩石学
索取号:P57/150
 
预约/预借
| 序号 | 登录号 | 条形码 | 馆藏地/架位号 | 状态 | 备注 |
| 1 | 1207828 | 212078286 | 第二样本阅览室/ [索取号:P57/150] | 在馆 | |
| 2 | 1207829 | 212078295 | 第三借阅区/ [索取号:P57/150] | 在馆 | |
| 3 | 1207830 | 212078302 | 第三借阅区/ [索取号:P57/150] | 在馆 | |
| 4 | 1207831 | 212078311 | 第三借阅区/ [索取号:P57/150] | 在馆 |